[Event "Edmonton International Open"]
[Site "Edmonton"]
[Date "2016.06.24"]
[Round "1.1"]
[White "Gardner, Robert"]
[Black "Young, Joseph"]
[Result "1-0"]
[WhiteElo "2240"]
[BlackElo "1824"]
[PlyCount "75"]
[EventDate "2016.06.24"]
[EventType "swiss"]
[EventRounds "5"]
[EventCountry "CAN"]

1. Nf3 d5 2. c4 e6 3. g3 Nf6 4. Bg2 c6 5. O-O dxc4 6. Qc2 Bd6 7. Qxc4 O-O 8. e4
e5 9. Nc3 b5 10. Qe2 Ba6 11. d3 b4 12. Na4 Nbd7 13. b3 Bb5 14. Nb2 c5 15. Nc4
Bxc4 16. dxc4 Qc7 17. Rd1 Rfe8 18. Nh4 Bf8 19. Nf5 g6 20. Ne3 Bg7 21. Bb2 Nf8
22. Nd5 Qc6 23. a3 a5 24. axb4 cxb4 25. Ra4 N6d7 26. Rda1 Nc5 27. Rxa5 Rxa5 28.
Rxa5 Na6 29. Qe3 Nd7 30. Qa7 Nab8 31. Nxb4 Qf6 32. Nd5 Qg5 33. Qe3 Qd8 34. Ra8
h5 35. Bh3 Kh7 36. Qa7 Qg5 37. Bxd7 Qd2 38. Qa1 1-0

[Event "Edmonton International Open"]
[Site "Edmonton"]
[Date "2016.06.24"]
[Round "1.2"]
[White "Ludwig, Michael"]
[Black "Briones, Dante"]
[Result "1-0"]
[WhiteElo "1688"]
[BlackElo "2037"]
[PlyCount "61"]
[EventDate "2016.06.24"]
[EventType "swiss"]
[EventRounds "5"]
[EventCountry "CAN"]

1. d4 e6 2. e4 d5 3. exd5 exd5 4. Nf3 Bd6 5. Bd3 Ne7 6. O-O Bg4 7. Re1 Nbc6 8.
c3 Qd7 9. b4 a6 10. a4 O-O 11. Bg5 Ng6 12. Nbd2 f6 13. Bxg6 fxg5 14. Bd3 Rf6
15. Qc2 h6 16. Ne5 Bxe5 17. dxe5 Rf7 18. f3 Be6 19. Nb3 g4 20. fxg4 b6 21. Nd4
Nxd4 22. cxd4 Bxg4 23. Rac1 Be6 24. Qc6 Qxc6 25. Rxc6 Bd7 26. Rxc7 Bxa4 27.
Rxf7 Kxf7 28. Ra1 b5 29. Rc1 Bb3 30. Rc7+ Ke6 31. g4 1-0

[Event "Edmonton International Open"]
[Site "Edmonton"]
[Date "2016.06.24"]
[Round "1.3"]
[White "Zeggelaar, Mike"]
[Black "Koperski, Dustin"]
[Result "1-0"]
[WhiteElo "1977"]
[BlackElo "1683"]
[PlyCount "85"]
[EventDate "2016.06.24"]
[EventType "swiss"]
[EventRounds "5"]
[EventCountry "CAN"]

1. e4 c5 2. b4 b6 3. Bb2 Bb7 4. Qg4 Nf6 5. Bxf6 exf6 6. Nf3 Qe7 7. Bd3 f5 8.
Qxf5 g6 9. Qf4 Bg7 10. Nc3 cxb4 11. Nb5 O-O 12. Rb1 Na6 13. Qd6 Rfe8 14. Qxe7
Rxe7 15. Nd6 Bxe4 16. Bxe4 f5 17. O-O fxe4 18. Rfe1 Re6 19. Nxe4 Rae8 20. Nd6
Rxe1+ 21. Rxe1 Rxe1+ 22. Nxe1 Nc5 23. Nc8 Ne4 24. Nf3 Bh6 25. Nxa7 Bxd2 26. Nc8
Bh6 27. Nxb6 Nc3 28. Nxd7 Nxa2 29. Kf1 Nc3 30. Nfe5 Bc1 31. f3 Kg7 32. Nd3 Nd5
33. Nxc1 Ne3+ 34. Kf2 Nxc2 35. Nb3 Kf7 36. Ke2 Ke7 37. Kd2 Na3 38. Ne5 Kd6 39.
Nd3 Nc4+ 40. Ke2 Ke6 41. Nxb4 Kf5 42. Nd5 h5 43. Ne3+ 1-0

[Event "Edmonton International Open"]
[Site "Edmonton"]
[Date "2016.06.24"]
[Round "1.5"]
[White "Wang, Kaixin"]
[Black "Zita, Matthew"]
[Result "0-1"]
[WhiteElo "1853"]
[BlackElo "1639"]
[PlyCount "62"]
[EventDate "2016.06.24"]
[EventType "swiss"]
[EventRounds "5"]
[EventCountry "CAN"]

1. e4 c5 2. Nf3 d6 3. d4 cxd4 4. Nxd4 Nf6 5. Nc3 g6 6. Be3 Bg7 7. f3 O-O 8. Qd2
Nc6 9. O-O-O Bd7 10. Bc4 Ne5 11. Bb3 Rc8 12. h4 h5 13. g4 hxg4 14. f4 Nc4 15.
Bxc4 Rxc4 16. e5 Nh5 17. Nde2 Qa5 18. exd6 exd6 19. Qxd6 Bc6 20. Rhg1 Bf3 21.
Bd4 Rd8 22. Bb6 Rxd6 23. Bxa5 Rxd1+ 24. Rxd1 Nxf4 25. Rd8+ Kh7 26. b3 Nxe2+ 27.
Nxe2 Rc5 28. b4 Bh6+ 29. Kb2 Rxa5 30. bxa5 Bxe2 31. Rd7 g3 0-1

[Event "Edmonton International Open"]
[Site "Edmonton"]
[Date "2016.06.25"]
[Round "2.1"]
[White "Kadavil, Suresh"]
[Black "Gardner, Robert"]
[Result "0-1"]
[WhiteElo "1653"]
[BlackElo "2240"]
[PlyCount "66"]
[EventDate "2016.06.24"]
[EventType "swiss"]
[EventRounds "5"]
[EventCountry "CAN"]

1. b3 c5 2. Bb2 Nc6 3. e3 e5 4. c4 d6 5. g3 f5 6. f4 Nf6 7. Nc3 Be6 8. Bg2 e4
9. d3 Ng4 10. Qd2 exd3 11. Qxd3 Nb4 12. Qd2 Nxe3 13. Bxb7 Nec2+ 14. Kf2 Nxa1
15. Bxa1 Rb8 16. Bd5 Bxd5 17. Nxd5 Nxd5 18. Qxd5 Qa5 19. Qe6+ Kd8 20. Bf6+ Kc7
21. Ba1 Qxa2+ 22. Ne2 Qc2 23. Re1 Qe4 24. Qf7+ Qe7 25. Qd5 Re8 26. Bc3 Qe3+ 27.
Kf1 Qe4 28. Ba5+ Kd7 29. Qd2 Qf3+ 30. Kg1 Qe3+ 31. Qxe3 Rxe3 32. Kf2 Rxb3 33.
Nc3 Ra3 0-1

[Event "Edmonton International Open"]
[Site "Edmonton"]
[Date "2016.06.25"]
[Round "2.2"]
[White "Zita, Matthew"]
[Black "Zeggelaar, Mike"]
[Result "0-1"]
[WhiteElo "1639"]
[BlackElo "1977"]
[PlyCount "62"]
[EventDate "2016.06.24"]
[EventType "swiss"]
[EventRounds "5"]
[EventCountry "CAN"]

1. e4 c5 2. Nf3 d6 3. d4 cxd4 4. Nxd4 Nf6 5. Nc3 g6 6. Be3 Bg7 7. f3 O-O 8. Qd2
Nc6 9. O-O-O d5 10. Nxc6 bxc6 11. e5 Nd7 12. f4 Qa5 13. g4 Rb8 14. a3 Nxe5 15.
fxe5 Bxe5 16. Bd4 Bd6 17. Nb1 Qc7 18. Be2 e5 19. Bc3 d4 20. b3 Be6 21. Bb2 c5
22. Bc4 Bxc4 23. bxc4 e4 24. Bxd4 cxd4 25. Qxd4 Be5 26. Qg1 Bf4+ 27. Rd2 Rxb1+
28. Kxb1 Bxd2 29. Qd4 Qb6+ 30. Qxb6 axb6 31. Rd1 e3 0-1

[Event "Edmonton International Open"]
[Site "Edmonton"]
[Date "2016.06.25"]
[Round "2.3"]
[White "Dave, Bhavik"]
[Black "Ludwig, David"]
[Result "1-0"]
[WhiteElo "1844"]
[BlackElo "1840"]
[PlyCount "47"]
[EventDate "2016.06.24"]
[EventType "swiss"]
[EventRounds "5"]
[EventCountry "CAN"]

1. d4 f5 2. c4 g6 3. g3 Nf6 4. Bg2 Bg7 5. Nc3 d6 6. Nf3 O-O 7. Bg5 Qe8 8. O-O
Na6 9. Bxf6 Bxf6 10. e4 fxe4 11. Nxe4 Bg7 12. Re1 c6 13. Nxd6 Qd8 14. Nxc8 Rxc8
15. Bh3 Rb8 16. Be6+ Kh8 17. Ne5 Bxe5 18. Rxe5 Qb6 19. Qd2 Rbd8 20. Rd1 c5 21.
d5 Nc7 22. Qc3 Qb4 23. Qxb4 cxb4 24. Rde1 1-0

[Event "Edmonton International Open"]
[Site "Edmonton"]
[Date "2016.06.25"]
[Round "2.4"]
[White "Rekhson, Vladislav"]
[Black "Ludwig, Michael"]
[Result "0-1"]
[WhiteElo "2211"]
[BlackElo "1688"]
[PlyCount "94"]
[EventDate "2016.06.24"]
[EventType "swiss"]
[EventRounds "5"]
[EventCountry "CAN"]

1. c4 e5 2. g3 Nf6 3. Bg2 c6 4. d3 Bc5 5. Nf3 O-O 6. Nc3 Re8 7. O-O h6 8. Nxe5
Bxf2+ 9. Rxf2 Rxe5 10. d4 Re8 11. e4 d6 12. Qf3 Bg4 13. Qf4 Qd7 14. Bd2 Na6 15.
a3 Re7 16. Raf1 Rae8 17. h3 Bxh3 18. Bxh3 Qxh3 19. Rh2 Qg4 20. Qxd6 Nxe4 21.
Nxe4 Rxe4 22. Rh4 Qe6 23. Rxe4 Qxd6 24. Rxe8+ Kh7 25. Rf4 Qg6 26. Kg2 Qc2 27.
Rf2 Qxb2 28. Rd8 Qxa3 29. d5 Qe7 30. Rc8 cxd5 31. cxd5 Qe4+ 32. Kh2 Qxd5 33.
Rf8 Kg6 34. Rg8 f6 35. Re8 Nc5 36. Bf4 Qh5+ 37. Kg2 Nd3 38. Rf3 Nxf4+ 39. gxf4
a5 40. Re7 Qd5 41. f5+ Kh7 42. Re8 b5 43. Kg3 a4 44. Kh4 b4 45. Rf4 Qd2 46. Kh5
Qh2+ 47. Rh4 Qg3 0-1

[Event "Edmonton International Open"]
[Site "Edmonton"]
[Date "2016.06.25"]
[Round "2.5"]
[White "Taranik, Alexey"]
[Black "Daniluk, Jim"]
[Result "0-1"]
[WhiteElo "1686"]
[BlackElo "1948"]
[PlyCount "68"]
[EventDate "2016.06.24"]
[EventType "swiss"]
[EventRounds "5"]
[EventCountry "CAN"]

1. e4 c5 2. Nf3 Nc6 3. d3 g6 4. g3 Bg7 5. Bg2 d6 6. O-O e6 7. Nbd2 Nge7 8. a4
Qc7 9. Re1 O-O 10. Nc4 Ne5 11. Nfxe5 dxe5 12. f4 Nc6 13. Be3 exf4 14. gxf4 Rd8
15. Rf1 Ne7 16. Qe2 Bd7 17. Qf2 Rac8 18. e5 Nf5 19. Bd2 Bc6 20. Ne3 Nd4 21. Bc3
b6 22. Bxd4 Rxd4 23. Qh4 Bxg2 24. Nxg2 c4 25. dxc4 Bxe5 26. Qf2 Bg7 27. c3 Rxc4
28. Ne3 Rc5 29. Rfe1 Bh6 30. Rf1 Rd8 31. Ng4 Bg7 32. Rad1 Rxd1 33. Rxd1 Rc4 34.
Ra1 Rxf4 0-1

[Event "Edmonton International Open"]
[Site "Edmonton"]
[Date "2016.06.25"]
[Round "2.7"]
[White "Briones, Dante"]
[Black "Chandra, Anand"]
[Result "1-0"]
[WhiteElo "2037"]
[BlackElo "1322"]
[PlyCount "91"]
[EventDate "2016.06.24"]
[EventType "swiss"]
[EventRounds "5"]
[EventCountry "CAN"]

1. e4 e5 2. f4 Bc5 3. Nf3 Nc6 4. fxe5 d6 5. d4 Bb6 6. Bb5 Bd7 7. exd6 cxd6 8.
Bf4 Qe7 9. O-O Nf6 10. Nc3 O-O 11. Re1 Bg4 12. Bxc6 bxc6 13. Qd3 Qd7 14. Kh1
Rfe8 15. d5 c5 16. Nb5 Bc7 17. a4 a6 18. Nxc7 Qxc7 19. Nd2 Nd7 20. Qg3 Nf6 21.
Bxd6 Qc8 22. c4 Bh5 23. e5 Nd7 24. Ne4 Bg6 25. Ng5 Nb6 26. b3 h6 27. Nh3 Qf5
28. Bxc5 Nd7 29. Bd6 Rac8 30. Nf4 Nxe5 31. Rxe5 Rxe5 32. Nxg6 fxg6 33. Bxe5 Rf8
34. Bd4 Qe4 35. Qe5 Qxe5 36. Bxe5 Re8 37. Re1 Kf7 38. c5 Rc8 39. Bd6 Kf6 40. h3
Kf7 41. c6 Rd8 42. c7 Rc8 43. Re7+ Kf6 44. Bc5 a5 45. d6 g5 46. d7 1-0

[Event "Edmonton International Open"]
[Site "Edmonton"]
[Date "2016.06.25"]
[Round "2.8"]
[White "Koperski, Dustin"]
[Black "Wang, Kaixin"]
[Result "0-1"]
[WhiteElo "1683"]
[BlackElo "1853"]
[PlyCount "80"]
[EventDate "2016.06.24"]
[EventType "swiss"]
[EventRounds "5"]
[EventCountry "CAN"]

1. e4 c5 2. d4 cxd4 3. c3 d3 4. Bxd3 Nc6 5. c4 e5 6. Nf3 Bc5 7. Nc3 Nge7 8. O-O
O-O 9. Qe2 d6 10. h3 f6 11. Be3 b6 12. Rac1 Be6 13. b3 Qd7 14. Rfd1 Rad8 15.
Bb1 f5 16. Bxc5 bxc5 17. Ng5 f4 18. Nb5 Nc8 19. Bd3 h6 20. Nxe6 Qxe6 21. Qg4
Qf7 22. Be2 a6 23. Nc3 Nd4 24. Rd3 Nb6 25. Bf3 Qe7 26. Ne2 Ne6 27. Rcd1 Rf6 28.
Nc3 Kh7 29. h4 g5 30. h5 Nd4 31. a4 a5 32. Nb5 Rdf8 33. Nxd4 exd4 34. Re1 Nd7
35. Qh3 Ne5 36. Rdd1 Kh8 37. Bg4 f3 38. g3 Qg7 39. Rd2 Rf4 40. Rdd1 Rxg4 0-1

[Event "Edmonton International Open"]
[Site "Edmonton"]
[Date "2016.06.25"]
[Round "3.1"]
[White "Gardner, Robert"]
[Black "Dave, Bhavik"]
[Result "1-0"]
[WhiteElo "2240"]
[BlackElo "1844"]
[PlyCount "105"]
[EventDate "2016.06.24"]
[EventType "swiss"]
[EventRounds "5"]
[EventCountry "CAN"]

1. e4 e5 2. Nf3 Nc6 3. d4 exd4 4. Nxd4 Bc5 5. Nb3 Bb6 6. Nc3 Qf6 7. f3 Nge7 8.
Na4 O-O 9. Nxb6 axb6 10. Bd3 d6 11. O-O Be6 12. c3 Ne5 13. Bc2 Qh4 14. Qe1 Qh5
15. Qg3 N5g6 16. f4 f5 17. Bd1 Qh4 18. Qxh4 Nxh4 19. g3 Nhg6 20. Re1 fxe4 21.
Rxe4 Bd5 22. Re1 h5 23. Nd4 h4 24. b3 hxg3 25. hxg3 Rae8 26. c4 Bf7 27. Nb5 d5
28. Nxc7 Rc8 29. Nxd5 Nxd5 30. cxd5 Bxd5 31. Ba3 Rf6 32. Rc1 Rxc1 33. Bxc1 Nf8
34. Re5 Bc6 35. Be2 Rh6 36. Rh5 Rxh5 37. Bxh5 g6 38. Be2 Kf7 39. Kf2 Ke6 40.
Bd3 Kf7 41. Ba3 Ne6 42. Ke3 Nc7 43. Bd6 Nd5+ 44. Kd4 Ke6 45. Ba3 Kf6 46. Bb2
Ne7 47. g4 Nd5 48. Ke4+ Ke6 49. f5+ gxf5+ 50. gxf5+ Ke7 51. Ke5 b5 52. Bc1 Nb4
53. Ba3 1-0

[Event "Edmonton International Open"]
[Site "Edmonton"]
[Date "2016.06.25"]
[Round "3.2"]
[White "Daniluk, Jim"]
[Black "Zeggelaar, Mike"]
[Result "1-0"]
[WhiteElo "1948"]
[BlackElo "1977"]
[PlyCount "95"]
[EventDate "2016.06.24"]
[EventType "swiss"]
[EventRounds "5"]
[EventCountry "CAN"]

1. d4 Nf6 2. c4 c5 3. d5 e6 4. Nc3 exd5 5. cxd5 d6 6. e4 g6 7. Bb5+ Bd7 8. Bd3
a6 9. a4 Bg7 10. Nge2 O-O 11. O-O Re8 12. f3 Nh5 13. g4 Nf6 14. Bf4 Qc7 15. Bc4
b6 16. Qb3 Bc8 17. Rad1 Nbd7 18. Nc1 Ne5 19. Bxe5 Rxe5 20. Nd3 Re8 21. e5 Nd7
22. exd6 Qxd6 23. Ne4 Rxe4 24. fxe4 b5 25. axb5 Rb8 26. e5 Nxe5 27. Nxe5 Bxe5
28. Qf3 f6 29. bxa6 Rxb2 30. Rf2 Bxh2+ 31. Kh1 Bxg4 32. Qxg4 Rxf2 33. Qe6+ Kg7
34. Qxd6 Bxd6 35. a7 Rf4 36. a8=Q Rxc4 37. Qc6 Rh4+ 38. Kg2 Rh2+ 39. Kf1 Rh1+
40. Ke2 Rh2+ 41. Kd3 c4+ 42. Qxc4 Rh3+ 43. Kc2 Rh2+ 44. Rd2 Rxd2+ 45. Kxd2 Kf7
46. Qc6 Ke7 47. Qb7+ Ke8 48. Qxh7 1-0

[Event "Edmonton International Open"]
[Site "Edmonton"]
[Date "2016.06.25"]
[Round "3.4"]
[White "Zita, Matthew"]
[Black "Briones, Dante"]
[Result "0-1"]
[WhiteElo "1639"]
[BlackElo "2037"]
[PlyCount "140"]
[EventDate "2016.06.24"]
[EventType "swiss"]
[EventRounds "5"]
[EventCountry "CAN"]

1. e4 c5 2. Nf3 d6 3. d4 cxd4 4. Nxd4 Nf6 5. Nc3 a6 6. Bc4 e6 7. O-O Qc7 8. Bb3
Bd7 9. Be3 Nc6 10. f4 Na5 11. Rc1 b5 12. Qf3 Rc8 13. a4 b4 14. Nce2 Nc4 15.
Bxc4 Qxc4 16. b3 Qc7 17. Ng3 Be7 18. Bd2 Qb6 19. Be3 Qb8 20. Qe2 Qb7 21. e5 Nd5
22. Ne4 Nxe3 23. Qxe3 d5 24. Nf2 Rc3 25. Nd3 Qa7 26. Qf2 Qb8 27. f5 exf5 28.
Nxf5 Bxf5 29. Qxf5 O-O 30. Kh1 g6 31. Qf4 a5 32. Rf3 Qd8 33. Qd4 Bg5 34. Nf4
Bxf4 35. Qxf4 Rxf3 36. Qxf3 Qg5 37. Rd1 Rd8 38. Rf1 Qe7 39. g4 h6 40. Kg2 Rd7
41. Qe3 Kg7 42. Rf6 Rc7 43. Qe2 Rc5 44. Qf2 d4 45. Rf4 Qc7 46. Qxd4 Qxe5 47.
Qxe5+ Rxe5 48. Rc4 h5 49. h3 Kf6 50. c3 bxc3 51. Rxc3 hxg4 52. hxg4 Kg5 53. Rc4
f5 54. Kf3 Re4 55. Rxe4 fxe4+ 56. Kxe4 Kxg4 57. Kd4 Kf4 58. Kc5 g5 59. b4 g4
60. b5 g3 61. b6 g2 62. Kb5 g1=Q 63. Ka6 Qc5 64. b7 Qc7 65. Ka7 Ke4 66. Ka8 Qc6
67. Ka7 Qc7 68. Ka8 Kd5 69. b8=Q Qxb8+ 70. Kxb8 Kc5 0-1

[Event "Edmonton International Open"]
[Site "Edmonton"]
[Date "2016.06.25"]
[Round "3.5"]
[White "Wang, Kaixin"]
[Black "Young, Joseph"]
[Result "0-1"]
[WhiteElo "1853"]
[BlackElo "1824"]
[PlyCount "82"]
[EventDate "2016.06.24"]
[EventType "swiss"]
[EventRounds "5"]
[EventCountry "CAN"]

1. e4 d5 2. exd5 Nf6 3. d4 Nxd5 4. Nf3 Bg4 5. Be2 e6 6. O-O Be7 7. c4 Nf6 8.
Nc3 c6 9. Bf4 O-O 10. Rc1 a6 11. c5 Nd5 12. Bg3 Bxf3 13. Bxf3 Nxc3 14. bxc3 Bh4
15. Bf4 Bg5 16. Bxg5 Qxg5 17. Qb3 Qe7 18. Rb1 b5 19. cxb6 Qb7 20. Qc4 Rc8 21.
Rb2 Nd7 22. Rfb1 Nf6 23. Qd3 g5 24. g3 Kh8 25. Qe3 Rg8 26. Qe5 Rg6 27. Bxc6
Qxc6 28. b7 Rag8 29. b8=Q Qxc3 30. Qxg8+ Kxg8 31. Rb8+ Kg7 32. Qd6 Kh6 33. h4
Qf3 34. R8b3 Qg4 35. f3 Qh3 36. Qf8+ Kh5 37. Qb8 gxh4 38. Qe5+ Kh6 39. R1b2
Rxg3+ 40. Kf2 Nd5 41. Re2 Qh1 0-1

[Event "Edmonton International Open"]
[Site "Edmonton"]
[Date "2016.06.25"]
[Round "3.6"]
[White "Morrick, James"]
[Black "Rekhson, Vladislav"]
[Result "0-1"]
[WhiteElo "1542"]
[BlackElo "2211"]
[PlyCount "72"]
[EventDate "2016.06.24"]
[EventType "swiss"]
[EventRounds "5"]
[EventCountry "CAN"]

1. e4 c5 2. Nf3 a6 3. d4 cxd4 4. Nxd4 Nf6 5. Nc3 e5 6. Nf3 Bb4 7. Bd3 d5 8. Nd2
O-O 9. O-O Bxc3 10. bxc3 Qc7 11. exd5 Qxc3 12. Rb1 Nxd5 13. Qh5 Nf6 14. Qg5 Nc6
15. h3 Nd4 16. Rb6 Ne6 17. Qh4 Qc7 18. Rb4 Nf4 19. Rxf4 exf4 20. Nf3 Qc5 21.
Bxf4 Qh5 22. Qg3 Bf5 23. Be2 Ne4 24. Qh2 Nc3 25. Bc4 Rac8 26. Ne5 b5 27. g4
Bxg4 28. Nxg4 Rxc4 29. Re1 Qg6 30. Kh1 Re4 31. Nh6+ Kh8 32. Rg1 Qh5 33. Qg2 Qg6
34. Qf1 Qf6 35. Be3 Qf3+ 36. Kh2 Rxe3 0-1

[Event "Edmonton International Open"]
[Site "Edmonton"]
[Date "2016.06.25"]
[Round "3.7"]
[White "Chandra, Anand"]
[Black "Pedersen, Rick"]
[Result "0-1"]
[WhiteElo "1322"]
[BlackElo "1869"]
[PlyCount "58"]
[EventDate "2016.06.24"]
[EventType "swiss"]
[EventRounds "5"]
[EventCountry "CAN"]

1. e4 d6 2. d4 Nf6 3. Nc3 g6 4. Nf3 Bg7 5. Bf4 O-O 6. Bc4 c6 7. O-O d5 8. exd5
cxd5 9. Bb3 Nc6 10. Qd2 Bg4 11. Ne5 Rc8 12. Nxc6 bxc6 13. Bh6 Qb6 14. Bxg7 Kxg7
15. h3 Bd7 16. Na4 Qc7 17. Nc5 e5 18. c3 e4 19. Qe3 Rce8 20. Rfe1 Bc8 21. Rad1
Nh5 22. Ba4 f5 23. Qe2 f4 24. Qd2 f3 25. g3 Nxg3 26. Qg5 Ne2+ 27. Kh1 Bxh3 28.
Rg1 Rf5 29. Qe3 Rh5 0-1

[Event "Edmonton International Open"]
[Site "Edmonton"]
[Date "2016.06.25"]
[Round "3.9"]
[White "Chao, Lucy"]
[Black "Koperski, Dustin"]
[Result "0-1"]
[WhiteElo "1458"]
[BlackElo "1683"]
[PlyCount "76"]
[EventDate "2016.06.24"]
[EventType "swiss"]
[EventRounds "5"]
[EventCountry "CAN"]

1. e4 c5 2. Nf3 g6 3. d4 cxd4 4. Nxd4 Nc6 5. Be3 Nf6 6. Nc3 Bg7 7. f3 O-O 8.
Qd2 d5 9. O-O-O dxe4 10. Nxc6 Qxd2+ 11. Bxd2 bxc6 12. fxe4 Ng4 13. Re1 Rb8 14.
Nd1 Be6 15. h3 Ne5 16. Nc3 Bc4 17. Na4 Bxf1 18. Rhxf1 Nc4 19. b3 Nxd2 20. Kxd2
Bh6+ 21. Kc3 Bg7+ 22. Kc4 Rfd8 23. Rd1 Be5 24. Nc5 Bd6 25. Rf2 a5 26. Nd3 f6
27. Rfd2 Kf7 28. e5 Bc7 29. b4 axb4 30. Nxb4 Rxd2 31. Rxd2 Bxe5 32. Nxc6 Rc8
33. Kb5 Bd6 34. Re2 e5 35. g4 Ke6 36. h4 Kd7 37. Na5 Rb8+ 38. Ka4 Rb4+ 0-1

[Event "Edmonton International Open"]
[Site "Edmonton"]
[Date "2016.06.26"]
[Round "4.1"]
[White "Ludwig, Michael"]
[Black "Gardner, Robert"]
[Result "0-1"]
[WhiteElo "1688"]
[BlackElo "2240"]
[PlyCount "52"]
[EventDate "2016.06.24"]
[EventType "swiss"]
[EventRounds "5"]
[EventCountry "CAN"]

1. d4 Nf6 2. Nf3 e6 3. g3 b5 4. Bg2 Bb7 5. Bg5 Be7 6. Nbd2 O-O 7. c3 h6 8. Bxf6
Bxf6 9. e4 d6 10. Qc2 Nd7 11. O-O c5 12. Nb3 Rc8 13. Qe2 a6 14. Rfe1 c4 15.
Nbd2 e5 16. Rad1 exd4 17. Nxd4 Nc5 18. Rf1 Re8 19. Qg4 g6 20. h4 h5 21. Qf4 Nd3
22. Qf3 Nxb2 23. Rb1 Na4 24. Rfc1 Bxd4 25. cxd4 c3 26. Nc4 Rxc4 0-1

[Event "Edmonton International Open"]
[Site "Edmonton"]
[Date "2016.06.26"]
[Round "4.2"]
[White "Dave, Bhavik"]
[Black "Daniluk, Jim"]
[Result "1/2-1/2"]
[WhiteElo "1844"]
[BlackElo "1948"]
[PlyCount "129"]
[EventDate "2016.06.24"]
[EventType "swiss"]
[EventRounds "5"]
[EventCountry "CAN"]

1. d4 Nf6 2. c4 g6 3. Nc3 d5 4. Nf3 Bg7 5. Qb3 dxc4 6. Qxc4 a6 7. e4 O-O 8. Bf4
c6 9. a4 a5 10. Qb3 Nbd7 11. Rd1 Nb6 12. d5 cxd5 13. Be3 Nbd7 14. Nxd5 Nxd5 15.
Rxd5 Qc7 16. Bb5 Nf6 17. Rc5 Be6 18. Rxc7 Bxb3 19. Rxe7 Bc2 20. e5 Nd5 21. Rxb7
Nxe3 22. fxe3 Be4 23. Re7 Rac8 24. O-O Rc2 25. b3 Bh6 26. Re1 Bd5 27. Ra7 Rd8
28. Rxa5 Bxf3 29. gxf3 Rdd2 30. Bf1 Rc3 31. b4 Bxe3+ 32. Kh1 Bf4 33. Re2 Rxe2
34. Bxe2 Rc2 35. Bd3 Rxh2+ 36. Kg1 Rb2 37. b5 Bxe5 38. Be4 h5 39. Ra8+ Kg7 40.
Re8 Bd4+ 41. Kh1 h4 42. Bd3 Ra2 43. Re4 Rxa4 44. Rxh4 Ra1+ 45. Kg2 Ra2+ 46. Kh3
Be5 47. f4 Ra3 48. fxe5 Rxd3+ 49. Kg2 Rb3 50. Re4 Rxb5 51. e6 fxe6 52. Rxe6 Kf7
53. Ra6 Re5 54. Kg3 Kg7 55. Ra4 Kh6 56. Rh4+ Kg5 57. Rg4+ Kf6 58. Rf4+ Ke7 59.
Rf1 Rf5 60. Rxf5 gxf5 61. Kf4 Ke6 62. Kf3 Ke5 63. Ke3 f4+ 64. Kf3 Kf5 65. Kf2
1/2-1/2

[Event "Edmonton International Open"]
[Site "Edmonton"]
[Date "2016.06.26"]
[Round "4.3"]
[White "Zeggelaar, Mike"]
[Black "Briones, Dante"]
[Result "0-1"]
[WhiteElo "1977"]
[BlackElo "2037"]
[PlyCount "82"]
[EventDate "2016.06.24"]
[EventType "swiss"]
[EventRounds "5"]
[EventCountry "CAN"]

1. Nf3 d5 2. d4 Nf6 3. c4 c6 4. Nc3 g6 5. Bf4 Bg7 6. e3 O-O 7. Be2 Qb6 8. Qb3
dxc4 9. Bxc4 Qxb3 10. Bxb3 Nbd7 11. h3 h6 12. O-O b6 13. Rfd1 Bb7 14. Ne5 e6
15. Rac1 Rac8 16. Nxg6 fxg6 17. Bxe6+ Kh8 18. Bd6 Rfd8 19. Bf7 Nf8 20. Bxf8
Bxf8 21. Bxg6 c5 22. Bf5 Rb8 23. Ne2 Bd6 24. dxc5 Bxc5 25. Nf4 Rxd1+ 26. Rxd1
Rg8 27. Ng6+ Kg7 28. Nf4 Be7 29. Rc1 Bd6 30. g3 Kf8 31. Ne6+ Ke7 32. Nc7 Bc5
33. Ne6 Rxg3+ 34. Kf1 Ba6+ 35. Ke1 Rg1+ 36. Kd2 Bb4+ 37. Kc2 Rg2 38. Kb3 Bd6
39. Rc2 Bb7 40. Nc7 a6 41. Ne6 Bd5+ 0-1

[Event "Edmonton International Open"]
[Site "Edmonton"]
[Date "2016.06.26"]
[Round "4.4"]
[White "Young, Joseph"]
[Black "Ludwig, David"]
[Result "0-1"]
[WhiteElo "1824"]
[BlackElo "1840"]
[PlyCount "86"]
[EventDate "2016.06.24"]
[EventType "swiss"]
[EventRounds "5"]
[EventCountry "CAN"]

1. d4 Nf6 2. Nc3 d5 3. Bg5 e6 4. Qd3 Be7 5. f3 b6 6. O-O-O Ba6 7. Qd2 O-O 8. h4
Nbd7 9. e4 Bxf1 10. Rxf1 c5 11. e5 cxd4 12. Qxd4 Ne8 13. Bxe7 Qxe7 14. f4 Rc8
15. Nge2 Qc5 16. Rd1 a6 17. Qxc5 bxc5 18. Ne4 Nb6 19. Ng5 h6 20. Nf3 Nc7 21. g4
Rb8 22. h5 a5 23. g5 a4 24. gxh6 gxh6 25. Rh3 Kh7 26. Nh4 Rg8 27. f5 Rg5 28.
fxe6 fxe6 29. Rf1 Rbg8 30. Ng6 Nd7 31. Rf7+ Rg7 32. Nf8+ Nxf8 33. Rxf8 Rxe5 34.
Rf2 Reg5 35. Rf4 d4 36. Kd2 Nd5 37. Rf8 Rg2 38. c3 e5 39. Kd3 Nb6 40. cxd4 cxd4
41. Rb8 Nd5 42. b4 Rxe2 43. Kxe2 Nf4+ 0-1

[Event "Edmonton International Open"]
[Site "Edmonton"]
[Date "2016.06.26"]
[Round "4.5"]
[White "Rekhson, Vladislav"]
[Black "Taranik, Alexey"]
[Result "1-0"]
[WhiteElo "2211"]
[BlackElo "1686"]
[PlyCount "69"]
[EventDate "2016.06.24"]
[EventType "swiss"]
[EventRounds "5"]
[EventCountry "CAN"]

1. e4 e6 2. d4 d5 3. Nc3 Nf6 4. Bg5 Be7 5. e5 Nfd7 6. Bxe7 Qxe7 7. f4 a6 8. a4
c5 9. Nf3 Nc6 10. Qd2 cxd4 11. Ne2 O-O 12. Nexd4 Nxd4 13. Qxd4 f6 14. Bd3 Qc5
15. c3 Qxd4 16. cxd4 fxe5 17. fxe5 Nb8 18. Rc1 Nc6 19. Kd2 Bd7 20. Rc5 Rac8 21.
Rhc1 Na7 22. Rc7 Bc6 23. Re7 Rce8 24. Rxe8 Rxe8 25. b3 h6 26. Kc3 Kf7 27. Nh4
Ke7 28. Rf1 Rc8 29. Ng6+ Kd8 30. Kd2 Be8 31. Rf8 Kc7 32. Rg8 Bxg6 33. Rxg7+ Bf7
34. Rxf7+ Kb6 35. Re7 1-0

[Event "Edmonton International Open"]
[Site "Edmonton"]
[Date "2016.06.26"]
[Round "4.6"]
[White "Yao, David"]
[Black "Kadavil, Suresh"]
[Result "1-0"]
[WhiteElo "1802"]
[BlackElo "1653"]
[PlyCount "133"]
[EventDate "2016.06.24"]
[EventType "swiss"]
[EventRounds "5"]
[EventCountry "CAN"]

1. Nf3 Nf6 2. d3 e6 3. g3 d5 4. Bg2 Nc6 5. Nbd2 Bc5 6. O-O O-O 7. a3 a5 8. c3
a4 9. b4 axb3 10. Nxb3 Bd6 11. Qc2 Qe7 12. Nfd4 Nxd4 13. Nxd4 c6 14. Qb3 e5 15.
Nc2 Be6 16. d4 e4 17. Bg5 Rab8 18. f3 h6 19. Bxf6 Qxf6 20. fxe4 Qg5 21. e5 Be7
22. Rae1 h5 23. Rf2 h4 24. gxh4 Qxh4 25. Ref1 Bg5 26. Qb1 g6 27. e3 Kg7 28. Rf3
b5 29. Qe1 Qxe1 30. Rxe1 Rfc8 31. Bh3 Bxh3 32. Rxh3 c5 33. Rf3 Rb7 34. Rd1 Kf8
35. Rg3 Be7 36. Rf1 Ke8 37. Rh3 Rbc7 38. Rff3 cxd4 39. exd4 Kf8 40. Rh8+ Kg7
41. Rxc8 Rxc8 42. Nb4 Bxb4 43. axb4 Kf8 44. Kf2 Ke7 45. Ke3 Rc6 46. Kd3 Kf8 47.
Rf2 Ra6 48. h4 Ke7 49. Rf4 Rc6 50. Rf3 Ra6 51. Rh3 Rc6 52. h5 gxh5 53. Rxh5 Rg6
54. Rh8 Rb6 55. Rc8 Ke6 56. Rc5 Rb7 57. Rc6+ Ke7 58. Rd6 Rd7 59. Rb6 Rc7 60.
Rxb5 Ke6 61. Rb6+ Ke7 62. Rd6 Rd7 63. Rxd7+ Kxd7 64. c4 dxc4+ 65. Kxc4 Kc6 66.
d5+ Kd7 67. Kc5 1-0